000 01204nam a22002777a 4500
003 OSt
005 20260319120636.0
007 ta
008 210219b2020 dr acd|g |||| 00| 0dspa d
020 _a9789945484397
040 _aDO-SdBNP
_bspa
_cBNPHU
041 _hspa
082 4 _a380.10609729374
_bS944o
_222
100 1 _aSuero Espinal , Juan Héctor.
_d1941-2018.
_977874
245 1 0 _aOrígen y evolución de la Cámara de Comercio y producción de la provincia San Cristóbal /
_cJuan Héctor Suero Espinal
260 _aSan Cristóbal :
_bCámara de Comercio y Producción de la provincia San Cristóbal ;
_bGrupo Editorial Montaño,
_c2020.
300 _a344 p. :
_bil., grafcs., retrs. ;
_c22 cm.
500 _aIncluye datos biográficos del autor en las solapas
590 _aInventariado, 2021/MFF
610 4 _aCámara de Comercio de San Cristóbal (República Dominicana)
_xHistoria
_978822
651 4 _aSan Cristóbal (República Dominicana)
_xComercio
_xHistoria
_978823
651 4 _aSan Cristóbal (República Dominicana)
_xCondiciones económicas
_978824
651 0 _aSan Cristóbal (República Dominicana)
_99248
910 _aValidado. Control de calidad MFF
942 _2ddc
_cLBS1
999 _c49420
_d49420